Modeling, performance analysis and control of robot manipulators

Guardat en:
Dades bibliogràfiques
Format: Sách
Idioma:Undetermined
Publicat:  ISTE  2007
Matèries:
Etiquetes: Afegir etiqueta
Sense etiquetes, Sigues el primer a etiquetar aquest registre!
Thư viện lưu trữ: Trung tâm Thư viện - Trường Đại học Công nghiệp TP. Hồ Chí Minh
LEADER 00483nam a2200133Ia 4500
001 UIH_04005
008 231011s9999 xx 000 0 und d
082 |a  629.8933 
245 0 |a  Modeling, performance analysis and control of robot manipulators 
260 |b  ISTE 
260 |c  2007 
650 |a  Robot; Tay máy (Cơ chế); Robotics; Manipulators (Mechanism);  
927 |a Sách 
980 |a Trung tâm Thư viện - Trường Đại học Công nghiệp TP. Hồ Chí Minh